|
|
|
|
| LEADER |
00000nam0a2200000 4500 |
| 001 |
33898 |
| 005 |
20231101210209.0 |
| 035 |
|
|
|a (RuTPU)RU\TPU\book\34269
|
| 035 |
|
|
|a BOOK00000920
|
| 090 |
|
|
|a 33898
|
| 100 |
|
|
|a 20011210d1974 k y0rusy50 ca
|
| 101 |
0 |
|
|a rus
|
| 102 |
|
|
|a RU
|
| 105 |
|
|
|a a z 001zy
|
| 200 |
1 |
|
|a Технология электрической сварки металлов и сплавов плавлением
|f под ред. Б. Е. Патона
|
| 210 |
|
|
|a Москва
|c Машиностроение
|d 1974
|
| 215 |
|
|
|a 767 с.
|c ил.
|
| 320 |
|
|
|a Библиогр.: с. 757-758.
|
| 320 |
|
|
|a Предм. указ.: с. 759-764.
|
| 606 |
1 |
|
|a Электросварка плавлением
|2 stltpush
|3 (RuTPU)RU\TPU\subj\20807
|9 45883
|
| 610 |
1 |
|
|a металлы
|
| 610 |
1 |
|
|a теория
|
| 610 |
1 |
|
|a сплавы
|
| 610 |
1 |
|
|a технология
|
| 675 |
|
|
|a 621.791.762
|v 3
|
| 702 |
|
1 |
|a Патон
|b Б. Е.
|g Борис Евгеньевич
|
| 801 |
|
0 |
|a RU
|b 63413507
|c 20011210
|g PSBO
|
| 801 |
|
2 |
|a RU
|b 63413507
|c 20160504
|g PSBO
|
| 900 |
|
|
|a Технологические основы сварки плавлением
|
| 900 |
|
|
|a Сварка специальных сталей и сплавов
|
| 900 |
|
|
|a Теоретические основы сварки плавлением
|
| 942 |
|
|
|c BK
|